| 000 | 00648nam a2200253Ia 4500 | ||
|---|---|---|---|
| 003 | OSt | ||
| 005 | 20220918214440.0 | ||
| 006 | a|||||r|||| 00| 0 | ||
| 007 | ta | ||
| 008 | 220917b |||||||| |||| 00| 0 eng d | ||
| 024 | _a137,589 | ||
| 037 | _cTextual | ||
| 040 |
_aARTS _cARTS _beng |
||
| 041 |
_2eng _aeng |
||
| 082 | _aXM55:6, J31 | ||
| 100 |
_aHusband William H _9131418 |
||
| 245 | 0 | _aModern corporation finance | |
| 250 | _a3rd | ||
| 260 | _c1953 | ||
| 650 | _aECONOMICS | ||
| 700 |
_a Dockeray James C _9131419 |
||
| 942 |
_hXM55:6, J31 _cTEXL _2CC |
||
| 999 |
_c260669 _d260669 |
||